00489nam a22001577a 4500003000500000005001700005008004100022020001800063040000600081082001700087100006000104245007400164260004000238300001100278650004200289CEME20210628203521.0210120b xxu||||| |||| 00| 0 eng d a9780135046852 c. a621.3815 BOY aBoylestad, Robert L, Nashelsky, Louis, Monssen, Franz J aElectronic devices and circuit theory, laboratory manual to accompany aNEW JERSEYbPEARSON EDUCATIONc2009 aX,470P aELECTRONIC DEVICES AND CIRCUIT THEORY